[Event "44.Semif.Camp.Italiano Categoria Mag."]
[Site "Torino ITA"]
[Date "1984.01.23"]
[Round "3"]
[White "Bellia, Fabrizio"]
[Black "Salvetti, Alec"]
[Result "1-0"]
[WhiteElo "2115"]
[BlackElo "1979"]
[Annotator "Gabriele Ballarin"]
[PlyCount "71"]
[EventDate "1984.01.21"]
[EventType "swiss"]
[EventRounds "9"]
[EventCountry "ITA"]

1. e4 c5 2. Nf3 e6 3. d4 cxd4 4. Nxd4 Nc6 5. Nc3 d6 6. Be2 Nf6 7. Be3 Be7 8. O-O O-O 9. Kh1 a6 10. a4 Qc7 11. f4 Re8 12. Nb3 b6 13. Bf3 Bb7 14. Qe1 Nb4 15. Qf2 b5 16. Na5 Qxa5 17. Bb6 Nd3 18. cxd3 Qb4 19. a5 Nd7 20. Na2 Qb3 21. Qd2 Nxb6 22. axb6 e5 23. Bg4 f6 24. Rfc1 Bd8 25. Rc3 Qa4 26. b4 a5 27. Bd1 axb4 28. Bxa4 bxc3 29. Bb3+ Kh8 30. Qxc3 Bxb6 31. Qd2 Ra3 32. Qb4 Bc5 33. Qxb5 Re7 34. fxe5 fxe5 35. Rf1 Ra8 36. Nb4 1-0

[Event "44.Semif.Camp.Italiano Categoria Mag."]
[Site "Torino ITA"]
[Date "1984.01.23"]
[Round "3"]
[White "Bianco, Valerio"]
[Black "Chiaudano, Andrea"]
[Result "1/2-1/2"]
[WhiteElo "1973"]
[BlackElo "1927"]
[Annotator "Gabriele Ballarin"]
[PlyCount "42"]
[EventDate "1984.01.21"]
[EventType "swiss"]
[EventRounds "9"]
[EventCountry "ITA"]

1. b3 e5 2. Bb2 Nc6 3. e3 d6 4. c4 Bf5 5. d3 g5 6. Ne2 Bg7 7. Ng3 Bg6 8. Nh5 Bf8 9. Nc3 Nf6 10. Nxf6+ Qxf6 11. Nd5 Qd8 12. g3 h5 13. Bg2 Bg7 14. b4 Qd7 15. f4 gxf4 16. gxf4 O-O-O 17. Qd2 Ne7 18. O-O-O Kb8 19. Rhg1 Nxd5 20. Bxd5 Rhg8 21. Rdf1 c6 1/2-1/2

[Event "44.Semif.Camp.Italiano Categoria Mag."]
[Site "Torino ITA"]
[Date "1984.01.23"]
[Round "3"]
[White "Boschetti, Marco"]
[Black "Drei, Andrea"]
[Result "1/2-1/2"]
[WhiteElo "1964"]
[BlackElo "2132"]
[Annotator "Gabriele Ballarin"]
[PlyCount "65"]
[EventDate "1984.01.21"]
[EventType "swiss"]
[EventRounds "9"]
[EventCountry "ITA"]

1. e4 c5 2. Nf3 e6 3. d4 cxd4 4. Nxd4 Nc6 5. Nc3 Qc7 6. g3 a6 7. Bg2 Nf6 8. O-O Be7 9. Re1 O-O 10. Nxc6 bxc6 11. e5 Nd5 12. Na4 Nb6 13. Nxb6 Qxb6 14. b3 Bc5 15. Be3 f6 16. Be4 g6 17. Qd3 Kg7 18. f4 a5 19. Rad1 a4 20. Qc3 Bxe3+ 21. Qxe3 Qxe3+ 22. Rxe3 fxe5 23. fxe5 axb3 24. axb3 Ra5 25. Bd3 Kf7 26. Rf1+ Ke7 27. Rxf8 Kxf8 28. Kf2 Ba6 29. Bxa6 Rxa6 30. Kf3 Ra1 31. Ke4 Rd1 32. Re2 Ke7 33. Ke3 1/2-1/2

[Event "44.Semif.Camp.Italiano Categoria Mag."]
[Site "Torino ITA"]
[Date "1984.01.23"]
[Round "3"]
[White "Ceschia, Ivano"]
[Black "Messa, Roberto"]
[Result "1/2-1/2"]
[WhiteElo "2244"]
[BlackElo "2255"]
[Annotator "Gabriele Ballarin"]
[PlyCount "20"]
[EventDate "1984.01.21"]
[EventType "swiss"]
[EventRounds "9"]
[EventCountry "ITA"]

1. e4 e6 2. d4 d5 3. exd5 exd5 4. Bd3 Nf6 5. Nf3 Bd6 6. O-O O-O 7. h3 h6 8. c3 Re8 9. Re1 Nc6 10. Rxe8+ Qxe8 1/2-1/2

[Event "44.Semif.Camp.Italiano Categoria Mag."]
[Site "Torino ITA"]
[Date "1984.01.23"]
[Round "3"]
[White "Ciuffoletti, Paolo"]
[Black "Gualtieri, Gaetano"]
[Result "0-1"]
[WhiteElo "2128"]
[BlackElo "1900"]
[Annotator "Gabriele Ballarin"]
[PlyCount "55"]
[EventDate "1984.01.21"]
[EventType "swiss"]
[EventRounds "9"]
[EventCountry "ITA"]

1. e4 c6 2. Nc3 d5 3. Nf3 Bg4 4. d4 dxe4 5. Nxe4 Nd7 6. Bc4 Ngf6 7. Nxf6+ gxf6 8. h3 Bh5 9. Bf4 e6 10. O-O Nb6 11. Bb3 Bd6 12. Bxd6 Qxd6 13. c4 Qd7 14. a4 a5 15. Qd3 Bxf3 16. Qxf3 Qxd4 17. Rad1 Qh4 18. Rfe1 Rd8 19. Rxd8+ Kxd8 20. Qc3 Qg5 21. h4 Qf4 22. Qxa5 Qc7 23. Qh5 Ke7 24. Qh6 Nd7 25. Qg7 Qb8 26. Rxe6+ Kxe6 27. c5+ Kf5 28. Qh6 0-1

[Event "44.Semif.Camp.Italiano Categoria Mag."]
[Site "Torino ITA"]
[Date "1984.01.23"]
[Round "3"]
[White "Corgnati, Maurizio"]
[Black "Steinfl, Alessandro"]
[Result "1/2-1/2"]
[WhiteElo "2117"]
[BlackElo "2025"]
[Annotator "Gabriele Ballarin"]
[PlyCount "46"]
[EventDate "1984.01.21"]
[EventType "swiss"]
[EventRounds "9"]
[EventCountry "ITA"]

1. e4 c5 2. Ne2 Nc6 3. d4 cxd4 4. Nxd4 Nf6 5. Nc3 e5 6. Ndb5 d6 7. Bg5 a6 8. Na3 b5 9. Bxf6 gxf6 10. Nd5 f5 11. c3 Bg7 12. exf5 Bxf5 13. Nc2 O-O 14. Nce3 Be6 15. Bd3 f5 16. Qh5 e4 17. Bc2 Be5 18. f4 Bg7 19. g4 Bf7 20. Qxf5 Qh4+ 21. Ke2 Bg6 22. Qd7 Rac8 23. Rag1 Rfd8 1/2-1/2

[Event "44.Semif.Camp.Italiano Categoria Mag."]
[Site "Torino ITA"]
[Date "1984.01.23"]
[Round "3"]
[White "Diana, Riccardo"]
[Black "Gallo, Enrico"]
[Result "0-1"]
[WhiteElo "1958"]
[BlackElo "2042"]
[Annotator "Gabriele Ballarin"]
[PlyCount "29"]
[EventDate "1984.01.21"]
[EventType "swiss"]
[EventRounds "9"]
[EventCountry "ITA"]

1. e4 c5 2. c3 d5 3. exd5 Qxd5 4. d4 e6 5. Nf3 Nf6 6. Be2 Nc6 7. O-O Be7 8. dxc5 Bxc5 9. Qxd5 Nxd5 10. Nbd2 O-O 11. Nb3 Be7 12. Bc4 Nb6 13. Bb5 Bd7 14. Be3 Ne5 15. Be2 {Nur} 0-1

[Event "44.Semif.Camp.Italiano Categoria Mag."]
[Site "Torino ITA"]
[Date "1984.01.23"]
[Round "3"]
[White "Fabbri, Mario"]
[Black "Luciani, Carlo"]
[Result "1/2-1/2"]
[WhiteElo "2200"]
[BlackElo "2112"]
[Annotator "Gabriele Ballarin"]
[PlyCount "64"]
[EventDate "1984.01.21"]
[EventType "swiss"]
[EventRounds "9"]
[EventCountry "ITA"]

1. d4 d5 2. Nf3 Nf6 3. g3 e6 4. Bg2 Nbd7 5. O-O Be7 6. c4 O-O 7. b3 b6 8. Ne5 Bb7 9. Nc3 c6 10. Nd3 Bd6 11. e4 dxe4 12. Nxe4 {=} Nxe4 13. Bxe4 {=} Qc7 14. Bb2 Rad8 15. Re1 Be7 16. Rc1 Bf6 17. Qf3 Ba8 18. h4 Rfe8 19. Re2 Nf8 20. Nb4 Bxd4 21. Bxd4 {=} Rxd4 22. Bxc6 {=} Bxc6 23. Qxc6 Rc8 24. Qxc7 Rxc7 25. Nc2 Rd8 26. Na3 f6 27. Nb5 Rcd7 28. Kg2 Rc8 29. Nc3 Kf7 30. Ne4 e5 31. Rd2 Rxd2 32. Nxd2 Ne6 1/2-1/2

[Event "44.Semif.Camp.Italiano Categoria Mag."]
[Site "Torino ITA"]
[Date "1984.01.23"]
[Round "3"]
[White "Geuna, Giuseppe"]
[Black "Malgaroli, Luciano"]
[Result "1/2-1/2"]
[WhiteElo "1900"]
[BlackElo "2072"]
[Annotator "Gabriele Ballarin"]
[PlyCount "91"]
[EventDate "1984.01.21"]
[EventType "swiss"]
[EventRounds "9"]
[EventCountry "ITA"]

1. Nf3 Nf6 2. g3 g6 3. Bg2 Bg7 4. O-O O-O 5. d3 c5 6. Nc3 Nc6 7. Bg5 d6 8. Qd2 Bd7 9. Bh6 Rb8 10. a4 a6 11. b3 b5 12. Bxg7 Kxg7 13. Ng5 b4 14. Nce4 Nxe4 15. Nxe4 Qb6 16. h4 h6 17. Qe3 Nd4 18. Rac1 Rbe8 19. Nd2 e5 20. Nc4 Qc7 21. Qd2 f5 22. e3 Ne6 23. Bd5 Bc6 24. Bxe6 Rxe6 25. f3 d5 26. Nb2 e4 27. f4 g5 28. hxg5 exd3 29. Nxd3 Qe7 30. Ne5 Ba8 31. c4 hxg5 32. cxd5 Rh6 33. Nf3 g4 34. Nh4 Rxh4 35. gxh4 Qxh4 36. Qh2 Qe7 37. Qb2+ Kg6 38. Qe5 Qh4 39. Qe6+ Kg7 40. Qe5+ Kg6 41. Rc2 Rh8 42. Rg2 g3 43. Qe6+ Kg7 44. Qe5+ Kf7 45. Qxf5+ Ke8 46. Qc8+ 1/2-1/2

[Event "44.Semif.Camp.Italiano Categoria Mag."]
[Site "Torino ITA"]
[Date "1984.01.23"]
[Round "3"]
[White "Gibellato, Francesco"]
[Black "Rodella, Franco"]
[Result "1/2-1/2"]
[WhiteElo "2070"]
[BlackElo "1905"]
[Annotator "Gabriele Ballarin"]
[PlyCount "28"]
[EventDate "1984.01.21"]
[EventType "swiss"]
[EventRounds "9"]
[EventCountry "ITA"]

1. e4 c6 2. Ne2 d5 3. Ng3 dxe4 4. Nc3 Nf6 5. h3 Qc7 6. Bc4 Nbd7 7. Ngxe4 Nxe4 8. Nxe4 Nb6 9. Bb3 Bf5 10. Qf3 e6 11. d4 Bxe4 12. Qxe4 O-O-O 13. Bf4 Bd6 14. Bxd6 Qxd6 1/2-1/2

[Event "44.Semif.Camp.Italiano Categoria Mag."]
[Site "Torino ITA"]
[Date "1984.01.23"]
[Round "3"]
[White "Palmiotto, Fiorentino"]
[Black "Belotti, Bruno"]
[Result "0-1"]
[WhiteElo "2095"]
[BlackElo "2206"]
[Annotator "Gabriele Ballarin"]
[PlyCount "84"]
[EventDate "1984.01.21"]
[EventType "swiss"]
[EventRounds "9"]
[EventCountry "ITA"]

1. e4 d6 2. b3 Nf6 3. Nc3 g6 4. Bb2 Bg7 5. Nd5 Nbd7 6. Nf3 e5 7. Nxf6+ Nxf6 8. Qe2 O-O 9. g3 Bg4 10. Bg2 Qc8 11. h3 Bd7 12. O-O-O c5 13. Nh4 b5 14. f4 Nh5 15. Qf2 Qa6 16. Bf3 Qxa2 17. Bxh5 exf4 18. Bxg7 Kxg7 19. d3 fxg3 20. Qxg3 c4 21. dxc4 bxc4 22. Qc3+ Kg8 23. Rhg1 cxb3 24. Qxb3 Qa1+ 25. Kd2 Qa5+ 26. Kc1 Qa1+ 27. Kd2 Qa5+ 28. Kc1 Qxh5 29. Nf3 Rab8 30. Qe3 Qb5 31. Rd5 Qb2+ 32. Kd1 Rfc8 33. Ne1 Ba4 34. Rd2 Qe5 35. Ke2 Rb2 36. Rg5 Qh2+ 37. Rg2 Qe5 38. Rg5 Qc3 39. Rxd6 Qxe3+ 40. Kxe3 Bxc2 41. h4 Bxe4 42. h5 Kg7 0-1

[Event "44.Semif.Camp.Italiano Categoria Mag."]
[Site "Torino ITA"]
[Date "1984.01.23"]
[Round "3"]
[White "Pantaleoni, Claudio"]
[Black "Laco, Giuseppe"]
[Result "1-0"]
[WhiteElo "2158"]
[BlackElo "2170"]
[Annotator "Gabriele Ballarin"]
[PlyCount "92"]
[EventDate "1984.01.21"]
[EventType "swiss"]
[EventRounds "9"]
[EventCountry "ITA"]

1. d4 g6 2. c4 Bg7 3. Nc3 d6 4. e4 Nf6 5. Nf3 O-O 6. Be2 Nbd7 7. O-O e5 8. Re1 h6 9. Bf1 exd4 10. Nxd4 Re8 11. f3 Ne5 12. Be3 Kh7 13. Qc2 c5 14. Ndb5 a6 15. Na3 Qc7 16. Qd2 Be6 17. Rad1 Rad8 18. b3 b6 19. Nc2 Rh8 20. Kh1 Bf8 21. Bg1 h5 22. Be3 Ng8 23. Bf4 Nc6 24. Re3 Nf6 25. Rd3 Be7 26. Bxd6 Bxd6 27. Rxd6 Nd4 28. Rxd8 Rxd8 29. Nd5 Nxd5 30. cxd5 Bxd5 31. exd5 Rxd5 32. Nxd4 Qd6 33. Qc2 cxd4 34. Bc4 Re5 35. h3 b5 36. Bxf7 d3 37. Bxg6+ Kxg6 38. Qxd3+ Qxd3 39. Rxd3 a5 40. Rd2 Kf5 41. Kh2 Rc5 42. Kg3 b4 43. Kh4 Ke5 44. Kxh5 Kf4+ 45. Kg6 Ke3 46. Rb2 Kf4 1-0

[Event "44.Semif.Camp.Italiano Categoria Mag."]
[Site "Torino ITA"]
[Date "1984.01.23"]
[Round "3"]
[White "Ponzetto, Giuseppe"]
[Black "Benso, Enrico"]
[Result "1-0"]
[WhiteElo "1968"]
[BlackElo "1900"]
[Annotator "Gabriele Ballarin"]
[PlyCount "119"]
[EventDate "1984.01.21"]
[EventType "swiss"]
[EventRounds "9"]
[EventCountry "ITA"]

1. d4 d5 2. Nf3 Nf6 3. g3 g6 4. Bg2 Bg7 5. c4 c6 6. O-O O-O 7. cxd5 cxd5 8. Nc3 Nbd7 9. Bf4 e6 10. Bd6 Re8 11. Nb5 Qb6 12. a4 Nf8 13. Bc7 Qc6 14. Rc1 Qa6 15. Bf4 Bd7 16. Nc7 Qxa4 17. Nxe8 Bxe8 18. Qxa4 Bxa4 19. Rc7 Bc6 20. Ne5 Ne8 21. Nxc6 bxc6 22. Rxc6 Bxd4 23. b3 Nd7 24. Rfc1 Kg7 25. e4 dxe4 26. Bxe4 Nef6 27. R1c4 Nxe4 28. Rxd4 Nef6 29. Rdc4 Nd5 30. Rc8 Rxc8 31. Rxc8 N7b6 32. Rd8 Kf6 33. Be3 Kf5 34. Bxb6 axb6 35. Rd7 Kf6 36. Kf1 Nc3 37. Rb7 b5 38. Ke1 e5 39. Kd2 Ne4+ 40. Ke3 Nd6 41. Rb6 Ke6 42. g4 f5 43. gxf5+ gxf5 44. f4 Kd5 45. fxe5 Kxe5 46. Kf3 Kd5 47. Kf4 Kc5 48. Ra6 Ne4 49. Kxf5 Nd2 50. Rh6 Nxb3 51. Rxh7 Kc4 52. h4 b4 53. h5 Nd4+ 54. Ke4 Ne6 55. Ke5 Nc5 56. Rg7 b3 57. Rg2 Nd7+ 58. Ke6 Nc5+ 59. Kf7 Ne4 60. h6 1-0

[Event "44.Semif.Camp.Italiano Categoria Mag."]
[Site "Torino ITA"]
[Date "1984.01.23"]
[Round "3"]
[White "Pozzi, Enrico"]
[Black "Gazziero, Gabriele"]
[Result "1/2-1/2"]
[WhiteElo "2058"]
[BlackElo "1941"]
[Annotator "Gabriele Ballarin"]
[PlyCount "72"]
[EventDate "1984.01.21"]
[EventType "swiss"]
[EventRounds "9"]
[EventCountry "ITA"]

1. e4 c5 2. Nf3 d6 3. d4 cxd4 4. Nxd4 Nf6 5. Nc3 a6 6. Be2 e5 7. Nb3 Be7 8. O-O Be6 9. f4 Qc7 10. Kh1 O-O 11. Be3 b5 12. a3 Nbd7 13. Qe1 Rfc8 14. Qg3 Kh8 15. Rad1 Rab8 16. Bd3 Bc4 17. Bc1 a5 18. Nd2 Bxd3 19. cxd3 b4 20. axb4 axb4 21. Nd5 Nxd5 22. exd5 Rb5 23. fxe5 dxe5 24. Rxf7 Bf6 25. Ne4 Qxc1 26. Rg1 Qf4 27. Rxd7 Ra5 28. Qe1 Rb8 29. Qc1 Qxc1 30. Rxc1 Ra2 31. Rb1 Bd8 32. Nd6 Kg8 33. Nf7 Bf6 34. Nd6 Rba8 35. g4 e4 36. dxe4 Bxb2 1/2-1/2

[Event "44.Semif.Camp.Italiano Categoria Mag."]
[Site "Torino ITA"]
[Date "1984.01.23"]
[Round "3"]
[White "Sarno, Spartaco"]
[Black "Mammola, Dino"]
[Result "1-0"]
[WhiteElo "1968"]
[BlackElo "2005"]
[Annotator "Gabriele Ballarin"]
[PlyCount "61"]
[EventDate "1984.01.21"]
[EventType "swiss"]
[EventRounds "9"]
[EventCountry "ITA"]

1. d4 Nf6 2. c4 e6 3. Nf3 Bb4+ 4. Nbd2 b6 5. e3 Bb7 6. a3 Bxd2+ 7. Bxd2 Ne4 8. Bd3 O-O 9. O-O d6 10. Qe2 Nd7 11. Rfd1 Qe7 12. Be1 f5 13. b4 c5 14. a4 Rf6 15. a5 Rb8 16. axb6 axb6 17. bxc5 dxc5 18. Ra7 Rh6 19. d5 exd5 20. cxd5 Nd6 21. Bc3 Nc8 22. Ra4 Nd6 23. e4 fxe4 24. Bxe4 Re8 25. Re1 Qd8 26. Qd3 Rxe4 27. Raxe4 Nxe4 28. Qxe4 Rg6 29. Nh4 Nf8 30. Nxg6 hxg6 31. Qe7 1-0

[Event "44.Semif.Camp.Italiano Categoria Mag."]
[Site "Torino ITA"]
[Date "1984.01.23"]
[Round "3"]
[White "Spinelli, Doriano"]
[Black "Marchiori, Diego"]
[Result "0-1"]
[WhiteElo "1919"]
[BlackElo "2009"]
[Annotator "Gabriele Ballarin"]
[PlyCount "85"]
[EventDate "1984.01.21"]
[EventType "swiss"]
[EventRounds "9"]
[EventCountry "ITA"]

1. e4 c5 2. Nf3 d6 3. d4 cxd4 4. Nxd4 Nf6 5. Nc3 Nc6 6. Bc4 Qb6 7. Nde2 e6 8. Bb3 a6 9. O-O Be7 10. Ng3 Qc7 11. Bg5 O-O 12. f4 b5 13. e5 dxe5 14. Bxf6 Bxf6 15. Nh5 Bd8 16. Qg4 f5 17. Qh3 g6 18. Ng3 Nd4 19. fxe5 Nxb3 20. axb3 Qxe5 21. Rae1 Qd4+ 22. Kh1 Qh4 23. Qxh4 Bxh4 24. Rd1 Rd8 25. Rxd8+ Bxd8 26. Rd1 Be7 27. Nge2 Ra7 28. Nd4 Rd7 29. Nc6 Rxd1+ 30. Nxd1 Bd6 31. c3 Bb7 32. Na5 Ba8 33. b4 Kf7 34. Nf2 Ke7 35. Nd3 e5 36. Kg1 e4 37. Nc5 Bxc5+ 38. bxc5 f4 39. g3 g5 40. gxf4 gxf4 41. Kf2 e3+ 42. Ke2 Bd5 43. b4 0-1

[Event "44.Semif.Camp.Italiano Categoria Mag."]
[Site "Torino ITA"]
[Date "1984.01.23"]
[Round "3"]
[White "Vallifuoco, Giovanni"]
[Black "Cordara, Michele"]
[Result "1-0"]
[WhiteElo "2120"]
[BlackElo "2151"]
[Annotator "Gabriele Ballarin"]
[PlyCount "67"]
[EventDate "1984.01.21"]
[EventType "swiss"]
[EventRounds "9"]
[EventCountry "ITA"]

1. d4 Nf6 2. c4 e6 3. Nc3 Bb4 4. e3 Nc6 5. a3 Bxc3+ 6. bxc3 b6 7. Bd3 O-O 8. e4 Ne8 9. a4 e5 10. Nf3 d6 11. Bg5 f6 12. Be3 Ba6 13. O-O Na5 14. Nd2 c5 15. d5 g6 16. Bh6 Ng7 17. f4 Qd7 18. f5 Rf7 19. g4 Kh8 20. Kh1 Rg8 21. Rg1 Ne8 22. Qe2 g5 23. h4 gxh4 24. Qh2 Rfg7 25. Bxg7+ Qxg7 26. Qxh4 Qg5 27. Qh2 Rg7 28. Raf1 Kg8 29. Rf3 Nc7 30. Rh3 Ne8 31. Nf3 Qe3 32. Nxe5 Qg5 33. Nf3 Qe3 34. Nd4 1-0

[Event "44.Semif.Camp.Italiano Categoria Mag."]
[Site "Torino ITA"]
[Date "1984.01.23"]
[Round "3"]
[White "Villasco, Paolo"]
[Black "Mantovani, Renzo"]
[Result "0-1"]
[WhiteElo "1900"]
[BlackElo "2146"]
[Annotator "Gabriele Ballarin"]
[PlyCount "116"]
[EventDate "1984.01.21"]
[EventType "swiss"]
[EventRounds "9"]
[EventCountry "ITA"]

1. d4 e6 2. e4 d5 3. exd5 exd5 4. Bd3 Qf6 5. c3 c5 6. Qf3 cxd4 7. Qxd5 Nc6 8. Bg5 Qe6+ 9. Qxe6+ Bxe6 10. cxd4 Bb4+ 11. Bd2 O-O-O 12. Ne2 Nf6 13. Bc3 Nd5 14. O-O Rhe8 15. a3 Ba5 16. Bxa5 Nxa5 17. Nd2 Kb8 18. h3 Bf5 19. Bxf5 Rxe2 20. Rfd1 Ne7 21. Bg4 Rxd2 22. Rxd2 Nb3 23. Rad1 Nxd2 24. Rxd2 Nc6 25. d5 Ne5 26. Be2 Kc7 27. f4 Ng6 28. g3 Ne7 29. Bf3 Kd6 30. Kf2 Rc8 31. Ke1 Rc1+ 32. Kf2 a5 33. Be4 h6 34. Ke2 Rc5 35. Ke3 Rb5 36. Ke2 Rb3 37. Kf2 Rb5 38. Ke2 Nxd5 39. Bxd5 Rxd5 40. Rc2 Rb5 41. Kf3 f5 42. g4 Rb3+ 43. Kg2 g6 44. Re2 a4 45. gxf5 gxf5 46. h4 Kc5 47. Re5+ Kc4 48. Rxf5 Rxb2+ 49. Kf3 Rb3+ 50. Kg4 Rxa3 51. Kh5 b5 52. Kxh6 Rf3 53. Rf8 a3 54. Kg5 b4 55. Ra8 Kb3 56. h5 Kb2 57. h6 a2 58. h7 Rh3 0-1

[Event "44.Semif.Camp.Italiano Categoria Mag."]
[Site "Torino ITA"]
[Date "1984.01.24"]
[Round "4"]
[White "Benso, Enrico"]
[Black "Pozzi, Enrico"]
[Result "0-1"]
[WhiteElo "1900"]
[BlackElo "2058"]
[Annotator "Gabriele Ballarin"]
[PlyCount "64"]
[EventDate "1984.01.21"]
[EventType "swiss"]
[EventRounds "9"]
[EventCountry "ITA"]

1. Nf3 c5 2. c4 Nf6 3. g3 b6 4. Bg2 Bb7 5. O-O e6 6. Nc3 Be7 7. d3 O-O 8. Bf4 d6 9. e4 Nc6 10. Qe2 Nd4 11. Nxd4 cxd4 12. Nb5 e5 13. Bd2 a6 14. Na3 Qd7 15. Nc2 b5 16. b3 a5 17. f4 bxc4 18. bxc4 Qa4 19. fxe5 dxe5 20. Ne1 Bc8 21. Nf3 Bd6 22. Qd1 Qc6 23. Rb1 Nd7 24. Rb5 Nc5 25. Qe2 Qc7 26. Nh4 g6 27. Bh6 Re8 28. Nf3 f6 29. Nh4 Bf8 30. Bxf8 Rxf8 31. Rfb1 Ba6 32. R5b2 Na4 0-1

[Event "44.Semif.Camp.Italiano Categoria Mag."]
[Site "Torino ITA"]
[Date "1984.01.24"]
[Round "4"]
[White "Bianco, Valerio"]
[Black "Spinelli, Doriano"]
[Result "0-1"]
[WhiteElo "1973"]
[BlackElo "1919"]
[Annotator "Gabriele Ballarin"]
[PlyCount "68"]
[EventDate "1984.01.21"]
[EventType "swiss"]
[EventRounds "9"]
[EventCountry "ITA"]

1. b3 d5 2. Bb2 e6 3. f4 Nf6 4. Nf3 Be7 5. e3 O-O 6. Bd3 b6 7. Ne5 Ne4 8. O-O Bb7 9. Qg4 f5 10. Qe2 Bf6 11. g4 Nd7 12. gxf5 Bxe5 13. fxe5 Qg5+ 14. Qg2 Rxf5 15. Bxe4 dxe4 16. Rxf5 Qxg2+ 17. Kxg2 exf5 18. Kg3 Kf7 19. Nc3 Nc5 20. a3 Rd8 21. Rd1 Ba6 22. a4 Ne6 23. Nb5 Bxb5 24. axb5 Rd5 25. c4 Rd3 26. Kf2 Rxb3 27. Bc3 Ra3 28. Bb4 Ra4 29. Rb1 g5 30. Kg3 Kg7 31. h3 Kg6 32. Rb2 h5 33. Kf2 f4 34. Ke2 Kf5 0-1

[Event "44.Semif.Camp.Italiano Categoria Mag."]
[Site "Torino ITA"]
[Date "1984.01.24"]
[Round "4"]
[White "Boschetti, Marco"]
[Black "Ponzetto, Giuseppe"]
[Result "1-0"]
[WhiteElo "1964"]
[BlackElo "1968"]
[Annotator "Gabriele Ballarin"]
[PlyCount "55"]
[EventDate "1984.01.21"]
[EventType "swiss"]
[EventRounds "9"]
[EventCountry "ITA"]

1. e4 Nc6 2. Nf3 e6 3. d4 d5 4. Nbd2 Nf6 5. e5 Nd7 6. Nb3 a5 7. a4 b6 8. h4 Bb7 9. Bb5 Qe7 10. Bg5 f6 11. Bf4 O-O-O 12. c3 Na7 13. Bd3 c5 14. dxc5 Nxc5 15. Nbd4 Nc6 16. O-O Nxd4 17. cxd4 Nxd3 18. Qxd3 f5 19. Bg5 Qd7 20. Rfc1+ Kb8 21. Bxd8 Qxd8 22. Ng5 Qd7 23. Qb5 Qxb5 24. axb5 Bc8 25. Rc6 Bd7 26. Rxb6+ Kc7 27. Ra6 Bb4 28. Ra7+ 1-0

[Event "44.Semif.Camp.Italiano Categoria Mag."]
[Site "Torino ITA"]
[Date "1984.01.24"]
[Round "4"]
[White "Ceschia, Ivano"]
[Black "Bellia, Fabrizio"]
[Result "1/2-1/2"]
[WhiteElo "2244"]
[BlackElo "2115"]
[Annotator "Gabriele Ballarin"]
[PlyCount "94"]
[EventDate "1984.01.21"]
[EventType "swiss"]
[EventRounds "9"]
[EventCountry "ITA"]

1. e4 e5 2. Nf3 Nc6 3. Nc3 Nf6 4. Bb5 d6 5. d4 exd4 6. Nxd4 Bd7 7. O-O Be7 8. Bxc6 bxc6 9. b3 O-O 10. Bb2 Re8 11. h3 Bf8 12. Qf3 c5 13. Nf5 g6 14. Ne3 Bg7 15. Nc4 Bc6 16. Rae1 Nd7 17. Nd5 Bxb2 18. Nxb2 Bxd5 19. exd5 Qf6 20. Qxf6 Nxf6 21. c4 Kf8 22. Na4 a6 23. Nc3 Rab8 24. f3 Nh5 25. Kf2 Nf4 26. Rxe8+ Rxe8 27. Rd1 f5 28. h4 Kf7 29. g3 Nh5 30. Rd2 Kf6 31. Re2 Rxe2+ 32. Nxe2 Ke5 33. Ke3 f4+ 34. gxf4+ Kf5 35. a3 a5 36. b4 cxb4 37. Nd4+ Kf6 38. a4 Ng7 39. Nb3 Nf5+ 40. Kd3 Nxh4 41. Nxa5 Ke7 42. Nc6+ Kd7 43. Nxb4 Nxf3 44. Ke3 Nh2 45. Nc6 Kc8 46. Nd4 Ng4+ 47. Kf3 Nf6 1/2-1/2

[Event "44.Semif.Camp.Italiano Categoria Mag."]
[Site "Torino ITA"]
[Date "1984.01.24"]
[Round "4"]
[White "Chiaudano, Andrea"]
[Black "Sarno, Spartaco"]
[Result "1/2-1/2"]
[WhiteElo "1927"]
[BlackElo "1968"]
[Annotator "Gabriele Ballarin"]
[PlyCount "68"]
[EventDate "1984.01.21"]
[EventType "swiss"]
[EventRounds "9"]
[EventCountry "ITA"]

1. e4 c6 2. d4 d5 3. exd5 cxd5 4. c4 Nf6 5. Nc3 g6 6. Qb3 Bg7 7. cxd5 O-O 8. Be2 Nbd7 9. Bf3 Nb6 10. Bg5 Bf5 11. Bxf6 Bxf6 12. Qd1 Nc4 13. b3 Nd6 14. Nge2 Rc8 15. O-O b5 16. Qd2 Qb6 17. Rac1 Rfd8 18. Qe3 Rc7 19. Rfd1 Rdc8 20. g4 Bd7 21. Kg2 Bg7 22. h3 b4 23. Ne4 Nb5 24. Nc5 Be8 25. Na4 Qd6 26. Rxc7 Nxc7 27. Qf4 Rd8 28. Rc1 Nxd5 29. Qxd6 Rxd6 30. Rc8 Kf8 31. Nc5 Nb6 32. Rb8 e6 33. Kg3 Rxd4 34. Kg2 Rd6 {Nur} 1/2-1/2

[Event "44.Semif.Camp.Italiano Categoria Mag."]
[Site "Torino ITA"]
[Date "1984.01.24"]
[Round "4"]
[White "Cordara, Michele"]
[Black "Gualtieri, Gaetano"]
[Result "1-0"]
[WhiteElo "2151"]
[BlackElo "1900"]
[Annotator "Gabriele Ballarin"]
[PlyCount "55"]
[EventDate "1984.01.21"]
[EventType "swiss"]
[EventRounds "9"]
[EventCountry "ITA"]

1. d4 d5 2. Nf3 Nf6 3. e3 Bf5 4. Be2 e6 5. O-O Be7 6. Nbd2 O-O 7. Nh4 Bg6 8. Nxg6 hxg6 9. Bd3 c5 10. c3 Nc6 11. f4 Rb8 12. Qe2 a6 13. g4 Qc7 14. Kh1 Ne8 15. g5 cxd4 16. exd4 Nd6 17. Qg4 Nf5 18. Nf3 Bd6 19. Bd2 Nce7 20. Rae1 b5 21. Nh4 Rfc8 22. Rf3 Kf8 23. Rh3 Ke8 24. Nxf5 gxf5 25. Bxf5 exf5 26. Qxf5 f6 27. Rh8+ Kf7 28. g6+ 1-0

[Event "44.Semif.Camp.Italiano Categoria Mag."]
[Site "Torino ITA"]
[Date "1984.01.24"]
[Round "4"]
[White "Corgnati, Maurizio"]
[Black "Gallo, Enrico"]
[Result "1/2-1/2"]
[WhiteElo "2117"]
[BlackElo "2042"]
[Annotator "Gabriele Ballarin"]
[PlyCount "80"]
[EventDate "1984.01.21"]
[EventType "swiss"]
[EventRounds "9"]
[EventCountry "ITA"]

1. e4 c5 2. Ne2 d6 3. g3 g6 4. Bg2 Bg7 5. O-O h5 6. c3 Nc6 7. d4 e5 8. Be3 Qe7 9. Na3 h4 10. dxc5 dxc5 11. Nb5 b6 12. f4 Ba6 13. Nd6+ Kf8 14. Nxf7 Kxf7 15. Qd5+ Qe6 16. fxe5+ Bf6 17. Qxe6+ Kxe6 18. exf6 Bxe2 19. Rf2 h3 20. Bh1 Bd3 21. e5 Nxe5 22. Bxa8 Nxf6 23. Bf3 Ne4 24. Bxe4 Bxe4 25. Rf4 Bg2 26. g4 g5 27. Ra4 Nf3+ 28. Kf2 Nxh2 29. Bxg5 Rg8 30. Re1+ Kd5 31. c4+ Kc6 32. Rxa7 Rf8+ 33. Kg3 Nf1+ 34. Rxf1 Rxf1 35. a4 Rf3+ 36. Kh2 Bf1 37. Bd8 Rf2+ 38. Kg3 h2 39. Rc7+ Kd6 40. Rh7 Rxb2 1/2-1/2

[Event "44.Semif.Camp.Italiano Categoria Mag."]
[Site "Torino ITA"]
[Date "1984.01.24"]
[Round "4"]
[White "Gazziero, Gabriele"]
[Black "Mammola, Dino"]
[Result "1/2-1/2"]
[WhiteElo "1941"]
[BlackElo "2005"]
[Annotator "Gabriele Ballarin"]
[PlyCount "56"]
[EventDate "1984.01.21"]
[EventType "swiss"]
[EventRounds "9"]
[EventCountry "ITA"]

1. e4 e6 2. d4 d5 3. Nd2 Nc6 4. Ngf3 Nf6 5. e5 Nd7 6. c3 f6 7. Bd3 g6 8. exf6 Qxf6 9. O-O Bg7 10. Re1 O-O 11. Nf1 e5 12. Qb3 Qf7 13. Re2 e4 14. Ng5 Na5 15. Qa4 exd3 16. Nxf7 dxe2 17. Nh6+ Kh8 18. Bg5 exf1=Q+ 19. Kxf1 Nc6 20. Re1 Nb6 21. Qd1 Bd7 22. h4 Nc4 23. Qb3 Rab8 24. Kg1 Nb6 25. Qd1 Rbe8 26. Rxe8 Rxe8 27. b3 Ne7 28. g4 Nbc8 1/2-1/2